| 000 | 00444 a2200181 4500 | ||
|---|---|---|---|
| 008 | a130416b mp ||||| |||| 00| 0 mon d | ||
| 041 | _amon | ||
| 546 | _aМонгол | ||
| 084 | _2ННА | ||
| 084 | _a63.3(5Мон) | ||
| 084 | _bЛ 874 | ||
| 100 | 1 | _aЛхагва С. | |
| 245 | 1 | _aХотгойдын дүүрэгч вангийн хошууны түүх | |
| 260 | 3 | _bУБ | |
| 260 | 3 | 0 | _bУБ |
| 300 | _a266х | ||
| 260 | 3 | _c1997 | |
| 999 |
_c33477 _d33477 |
||